Psychology applied to teaching (Record no. 47041)
[ view plain ]
| 000 -LEADER | |
|---|---|
| fixed length control field | 00784nam a2200265 a 4500 |
| 001 - CONTROL NUMBER | |
| control field | 47041 |
| 003 - CONTROL NUMBER IDENTIFIER | |
| rucl marc code | BD-RjUL |
| 005 - DATE AND TIME OF LATEST TRANSACTION | |
| control field | 20211209054242.0 |
| 008 - FIXED-LENGTH DATA ELEMENTS--GENERAL INFORMATION | |
| fixed length control field | 160806s1960 maua b 001 0 eng |
| 020 ## - INTERNATIONAL STANDARD BOOK NUMBER | |
| International Standard Book Number | 0395254892 |
| 035 ## - SYSTEM CONTROL NUMBER | |
| System control number | (BD-RjUL)47160 |
| 040 ## - CATALOGING SOURCE | |
| Original cataloging agency | DLC |
| Transcribing agency | DLC |
| Modifying agency | DLC |
| Language of cataloging | eng |
| 041 ## - LANGUAGE CODE | |
| Language code of text/sound track or separate title | eng |
| 082 00 - DEWEY DECIMAL CLASSIFICATION NUMBER | |
| Classification number | 370.15 |
| Edition number | 20 |
| Author mark and year | BIP 1960 |
| 100 1# - MAIN ENTRY--PERSONAL NAME | |
| Personal name | Biehler, Robert F. |
| Fuller form of name | (Robert Frederick), |
| Dates associated with a name | 1927- |
| 9 (RLIN) | 24400 |
| 245 10 - TITLE STATEMENT | |
| Title | Psychology applied to teaching |
| Statement of responsibility, etc. | by Robert F. Biehler , Jack Snowman |
| 250 ## - EDITION STATEMENT | |
| Edition statement | 3th ed. |
| 260 ## - PUBLICATION, DISTRIBUTION, ETC. (IMPRINT) | |
| Place of publication, distribution, etc. | Boston : |
| Name of publisher, distributor, etc. | Houghton Mifflin, |
| Date of publication, distribution, etc. | 1960 |
| 300 ## - PHYSICAL DESCRIPTION | |
| Pagination | xix, 873 p. : |
| Illustrations | ill. ; |
| Size | 24 cm. |
| 504 ## - BIBLIOGRAPHY, ETC. NOTE | |
| Bibliography, etc | Bibliography: 752-775. |
| 650 #0 - SUBJECT ADDED ENTRY--TOPICAL TERM | |
| Topical term or geographic name as entry element | Educational psychology. |
| 9 (RLIN) | 24401 |
| 700 ## - ADDED ENTRY--PERSONAL NAME | |
| Personal name | Snowman, Jack |
| 942 ## - ADDED ENTRY ELEMENTS (KOHA) | |
| Source of classification or shelving scheme | Dewey Decimal Classification |
| Koha item type | Books |
| Lost status | Source of classification or shelving scheme | Damaged status | Not for loan | Collection code | Permanent Location | Current Location | Shelving location | Date acquired | Source of acquisition | Total Checkouts | Full call number | Date last seen | Copy number | Koha item type |
|---|---|---|---|---|---|---|---|---|---|---|---|---|---|---|
| Dewey Decimal Classification | Non-fiction | Central Library, University of Rajshahi | Central Library, University of Rajshahi | 19/06/1983 | Asia Foundation | 370.15 BIP 1960 | 06/08/2016 | C-2 | Books |